| 000 | 00929nam a2200241 a 4500 | ||
|---|---|---|---|
| 999 |
_c1051 _d1051 |
||
| 001 | 1051 | ||
| 003 | CDMR | ||
| 005 | 20211116111501.0 | ||
| 008 | 130130s2001||||||||||||||||||||||||||||d | ||
| 040 |
_aCDMR _bcat _cCPC LLEIDA |
||
| 110 | 2 |
_9830 _aUnión Romaní |
|
| 245 | 1 | 3 |
_aEl poble gitano _b: manual per a periodistes _cUnió Romaní ; [direcció, Juan de Dios Ramírez-Heredia ; redacció, Leticia Sánchez Jiménez-Pajarero, Carme Gasull Planes] |
| 260 |
_aBarcelona _bInstitut Romanò de Serveis Socials i Culturals _c2001 |
||
| 300 | _a46 p. | ||
| 650 | 0 | 4 |
_93086 _aPeriodisme _xManuals d'estil |
| 650 | 0 | 0 |
_94693 _aGitanos _xCobertura periodística _zEspanya |
| 650 | 0 | 4 |
_9983 _aÈtica periodística _vManuals d'estil |
| 700 | 1 |
_93812 _aSánchez Jiménez-Pajarero, Leticia |
|
| 700 | 1 |
_93813 _aGasull Planes, Carme |
|
| 700 | 1 |
_93811 _aRamírez-Heredia, Juan de Dios _edir. |
|
| 710 | 2 |
_9830 _aUnión Romaní |
|
| 942 |
_cMON _2udc |
||